Statistics for Countries with Multiple Big Islands

Click here to take the quiz!

General Stats

  • This quiz has been taken 55,102 times
  • The average score is 9 of 11

Answer Stats

#Country% Correct
13Indonesia
96%
4Japan
94%
2United Kingdom
90%
18Canada
88%
6Russia
87%
2New Zealand
86%
7Philippines
85%
2Italy
73%
2Norway
66%
2Papua New Guinea
56%
2Brazil
55%

Score Distribution

Percentile by Number Answered

Percent of People with Each Score

Your Score History

You have not taken this quiz